000 00496nam a2200169 i 4500
001 bg
100 1 _aBAT', Moisej I.
245 0 0 _aTeoretičeskaja mechanika w primerach i zadačach.
_nT. 1,
_pStatika i kinematika /
_cM.I. Bat', G.J. Dżanelidze, A.S. Kel'son.
260 _aMoskva,
_c1985.
700 _aDŻANELIDZE, Georgij Ju.
700 1 _aKELSON, Anatolij S.
040 _cBPK
041 _apol
080 _a531.1/.3(076)
942 _cKS
008 s pl f |000 0 pol
999 _c23015
_d23015